000 01121cam a22002651i 4500
003 SA-RiAUC
005 20250309115221.0
008 250308s1989 ua g 00000cara c
040 _aSA-RiAUC
_bara
_cSA-RiAUC
_erda
043 _aa-tu---
082 0 4 _a920.04961
090 _a920.04961
_bم ص ر
100 1 _aالمصري، حسين مجيب،
_d1916-2004
_eمؤلف.
245 1 0 _aمعجم الدولة العثمانية /
_cحسين مجيب المصري.
264 1 _aالقاهرة :
_bمكتبة الأنجلو المصرية،
_c1989
300 _a333 صفحة ؛
_c24 سم
336 _aنص
_btxt
_2rdacontent
_3كتاب
337 _aبدون وسيط
_bn
_2rdamedia
338 _aمجلد
_bnc
_2rdacarrier
651 7 _aتركيا
_xتاريخ
_yالإمبراطورية العثمانية، 1288-1918
_vتراجم
_2aucsh
651 7 _aتركيا
_xتاريخ
_yالإمبراطورية العثمانية، 1288-1918
_2aucsh
651 7 _aالبلاد الإسلامية
_xتاريخ
_yالحكم العثماني، 1288-1918
_2aucsh
942 _2ddc
_cBOOK
_n0
949 _aSA-JeALM
_d250308
_umohamedma123
_n1
999 _c6337
_d6337